000 00297nam a22001457a 4500
008 210322b ||||| |||| 00| 0 eng d
020 _a2901307079875
041 _aeng
080 _a615.83
082 _a615.83
100 _a8
101 _aEGZ
245 _aWellness
_cNFSC
942 _2udc
_cBK
999 _c56660
_d56660